| 000 | 00790nam a2200229Ia 4500 | ||
|---|---|---|---|
| 003 | GCL | ||
| 008 | 140319s9999 xx 000 0 ara d | ||
| 040 |
_aGCL / _cGCL |
||
| 082 | 0 | 4 |
_a301.241 _bا ت |
| 100 | 1 | _aالسيد الحسينى | |
| 245 | 1 | 0 |
_a"التنمية والتخلف ""دراسة تاريخية بنائية""" / _cالسيد الحسينى |
| 260 |
_a[S.N] : _bدار المعرفة الجامعية ، _c1982 |
||
| 300 | _a285 ص | ||
| 490 |
_aسلسلة علم الاجتماع المعاصر _v0 |
||
| 650 | 0 | 4 | _aالمجتمع |
| 650 | 0 | 4 | _aالثقافة |
| 650 | 0 | 4 | _aالاجتماع |
| 650 | 0 | 4 | _aالتعبير الاجتماعى |
| 650 | 0 | 4 | _aالتطور الاجتماعى |
| 650 | 0 | 4 | _aالانثربولوجيا الثقافية |
| 942 |
_2ddc _cBK |
||
| 999 |
_c29026 _d29026 |
||